The beverages industry in W. Erope

Đã lưu trong:
書目詳細資料
主要作者: Sobral, M.
格式: 圖書
語言:Undetermined
出版: Europe 1971
主題:
標簽: 添加標簽
沒有標簽, 成為第一個標記此記錄!
Thư viện lưu trữ: Trung tâm Học liệu Trường Đại học Cần Thơ
LEADER 00447nam a2200169Ia 4500
001 CTU_80888
008 210402s9999 xx 000 0 und d
082 |a 663.19 
082 |b S677 
100 |a Sobral, M. 
245 4 |a The beverages industry in W. Erope 
245 0 |c M. Sobral 
260 |a Europe 
260 |c 1971 
650 |a Beverages,Drink industry 
904 |i Trọng Hải 
980 |a Trung tâm Học liệu Trường Đại học Cần Thơ